<?xml version="1.0" encoding="UTF-8"?>
<collection xmlns="http://www.loc.gov/MARC21/slim">
 <record>
  <leader>00430pamaa2200145   4500</leader>
  <controlfield tag="001">0000036058</controlfield>
  <controlfield tag="005">20060515090000.0</controlfield>
  <datafield tag="020" ind1="0" ind2="0">
   <subfield code="a">0471348228 </subfield>
  </datafield>
  <datafield tag="082" ind1=" " ind2=" ">
   <subfield code="a">332.6 WAR 2000</subfield>
  </datafield>
  <datafield tag="090" ind1="0" ind2="0">
   <subfield code="a">HG4551 </subfield>
   <subfield code="b">WAR 2000</subfield>
  </datafield>
  <datafield tag="100" ind1="1" ind2="0">
   <subfield code="a">WARWICK </subfield>
  </datafield>
  <datafield tag="245" ind1="1" ind2="0">
   <subfield code="a">SEARCHING for Alpha : </subfield>
   <subfield code="b">The quest for exceptional investment performance  </subfield>
   <subfield code="c">Ben Warwick.</subfield>
  </datafield>
  <datafield tag="260" ind1="0" ind2="0">
   <subfield code="a">New York: </subfield>
   <subfield code="b">John Wiley and Sons, </subfield>
   <subfield code="c">2000.</subfield>
  </datafield>
  <datafield tag="300" ind1=" " ind2=" ">
   <subfield code="a">xix, 202p.: </subfield>
   <subfield code="b">ill.; </subfield>
   <subfield code="c">24cm.</subfield>
  </datafield>
  <datafield tag="650" ind1="0" ind2="0">
   <subfield code="a">Investment </subfield>
  </datafield>
 </record>
</collection>
